000 00423nam a2200157 4500
001 135884
003 ES-MaACL
005 20230906194959.0
007 t|
008 070214s1912 be r ||||1| fre d
100 1 _aRoussel, Alfred.
_9100064
245 1 0 _aRámáyana
_b: etudes philologiques /
_cAlfred Roussel.
260 _aLouvain :
_bJ.-B. Istas,
_c1912.
300 _a160 p. ;
_c25 cm.
852 _aES-MaACL
_jA-3789
999 _c135884
_d135884